000 00433nam a2200181Ia 4500
001 11695
005 20260306162846.0
008 260306t1995||||xx |||||||||||||| ||spa||
041 _aESP
082 _a987.042
_bS87
100 _aGalindo Anze , Eudoro (comp.)
_eAUT
245 0 _aSucre:
_b(una antología)
260 _c1995
300 _a387 páginas :
_c28 cm.
650 _aGEN
654 _aCHU
942 _cLIB
_dJUS
_fJUS
_2ddc
_n
999 _c11695
_d11695